| 000 | 00000nam 2200000zi 4500 |
| 001 | 9.936284 |
| 003 | CaOODSP |
| 005 | 20240404072804 |
| 006 | m o d f |
| 007 | cr mn||||||||| |
| 008 | 240403e20240328onc ob f000 0 eng d |
| 040 | |aCaOODSP|beng|erda|cCaOODSP |
| 043 | |an-cn--- |
| 086 | 1 |aH113-30/2024-1E-PDF |
| 245 | 00|aProposed special review of methyl bromide and its associated end-use products : |bconsultation document. |
| 264 | 1|aOttawa, Ontario : |bPest Management Regulatory Agency, Health Canada, |c28 March 2024. |
| 264 | 4|c©2024 |
| 300 | |a1 online resource (80 pages). |
| 336 | |atext|btxt|2rdacontent |
| 337 | |acomputer|bc|2rdamedia |
| 338 | |aonline resource|bcr|2rdacarrier |
| 490 | 1 |aProposed special review decision, |x2561-6366 ; |vPSRD2024-01 |
| 500 | |aIssued also in French under title: Projet de decision d'examen spécial du bromure de méthyle et des préparations commerciales connexes : document de consultation. |
| 504 | |aIncludes bibliographical references. |
| 650 | 0|aFumigants|xCertification|zCanada. |
| 650 | 0|aBromomethane|xRisk assessment|zCanada. |
| 650 | 0|aBromomethane|xHealth aspects. |
| 650 | 0|aPesticides|xRisk mitigation|zCanada. |
| 710 | 1 |aCanada. |bPest Management Regulatory Agency, |eissuing body. |
| 775 | 08|tProjet de decision d'examen spécial du bromure de méthyle et des préparations commerciales connexes : |w(CaOODSP)9.936285 |
| 830 | #0|aProposed special review decision (Canada. Pest Management Regulatory Agency)|vPSRD2024-01.|w(CaOODSP)9.853990 |
| 856 | 40|qPDF|s1.85 MB|uhttps://publications.gc.ca/collections/collection_2024/sc-hc/h113-30/H113-30-2024-1-eng.pdf |